Biện pháp quản lý công tác xã hội hóa giáo dục Trung học cơ sở ở thành phố KonTum, tỉnh KonTum
Cơ sở lý luận của quản lý công tác XHH GD. Thực trạng quản lý công tác XHH GD ở các trường THCS TP KonTum, tỉnh Kon Tum. Biện pháp quản lý công tác XHH GD ở các trường THCS TP KonTum, tỉnh Kon Tum
Na minha lista:
| Autor principal: | |
|---|---|
| Outros Autores: | |
| Formato: | Livro |
| Idioma: | Vietnamese |
| Publicado em: |
Đà Nẵng
Đại học Đà Nẵng
2014
|
| Assuntos: | |
| Tags: |
Adicionar Tag
Sem tags, seja o primeiro a adicionar uma tag!
|
| Thư viện lưu trữ: | Mạng thư viện Đại học Đà Nẵng |
|---|
| LEADER | 01753nam a2200349 4500 | ||
|---|---|---|---|
| 001 | 000020082 | ||
| 003 | 16523 | ||
| 005 | 20150313140347.0 | ||
| 008 | 150107s2014 viesd | ||
| 041 | |a vie | ||
| 082 | 1 | 4 | |a 373.0115 |b Y-HÔ |
| 100 | 1 | |a Y Hồng Hà | |
| 245 | 1 | |a Biện pháp quản lý công tác xã hội hóa giáo dục Trung học cơ sở ở thành phố KonTum, tỉnh KonTum |c Y Hồng Hà ; Nguyễn Bảo Hoàng Thanh hướng dẫn. |k Luận văn Thạc sĩ | |
| 260 | |a Đà Nẵng |b Đại học Đà Nẵng |c 2014 | ||
| 300 | |a 110 tr., phụ lục 3 tr. |c 29 cm. |e Tóm tắt | ||
| 500 | |a Luận văn thạc sĩ Khoa học. Chuyên ngành: Quản lý giáo dục. Mã số: 60.14.05 | ||
| 520 | 3 | |a Cơ sở lý luận của quản lý công tác XHH GD. Thực trạng quản lý công tác XHH GD ở các trường THCS TP KonTum, tỉnh Kon Tum. Biện pháp quản lý công tác XHH GD ở các trường THCS TP KonTum, tỉnh Kon Tum | |
| 650 | 0 | 4 | |a Quản lý giáo dục trung học |v Luận văn tốt nghiệp |x Xã hội hóa giáo dục |z Kon Tum |
| 653 | |a Giáo dục trung học | ||
| 653 | |a Xã hội hóa giáo dục | ||
| 653 | |a Quản lý giáo dục | ||
| 700 | 1 | |a Nguyễn Bảo Hoàng Thanh |c PGS.TS |e Hướng dẫn | |
| OWN | |a LSP | ||
| AVA | |a UDN50 |b LSP |d 373.0115 Y-HÔ |e available |t Error 5001 Not defined in file expand_doc_bib_avail. |f 1 |g 0 |h N |i 0 |k 1 | ||
| 999 | |a From the UDN01 | ||
| AVA | |a UDN50 |b LSP |d 373.0115 Y-HÔ |e available |t Error 5001 Not defined in file expand_doc_bib_avail. |f 1 |g 0 |h N |i 0 |k 1 | ||
| TYP | |a Monograph | ||
| TYP | |a Printed language | ||
| 980 | |a Mạng thư viện Đại học Đà Nẵng | ||